000
00301nam a2200109Ia 4500
008
220204s9999 xx 000 0 und d
082
_a
061.6(058)(100)
_b
WOR
245
0
_a
World guide to scientific associations and learned societies
250
_a
Ed.6
260
_a
London
_b
K G Saur
_c
1994
942
_c
BK
999
_c
40834
_d
40834